000 00893nam a2200253Ia 4500
003 OSt
005 20220930192423.0
006 a|||||r|||| 00| 0
007 ta
008 220926b |||||||| |||| 00| 0 eng d
024 _a10155
037 _cDissertations
040 _aCRL
_cCRL
_beng
041 _2eng
_aeng
100 _aGowri R
_9454909
110 _aUniversity of Delhi. Faculty of Medical Sciences. Department of Obstetrics and Gynaecology
245 0 _aEvaluation of the role of antepartum and intrapartum surveillance on perinatal outcome in high risk pregnancy
260 _c1994
650 _aWOMEN - DISEASES
700 _a Dr Tripat Pal Kaur Supervisor
_9520293
700 _aUniversity of Delhi. Faculty of Medical Sciences. Department of Obstetrics and Gynaecology
942 _cDIS
_2CC
999 _c895160
_d895160